Responsibility in repair construction : held at the Concrete Convention and Exposition 2016, Philadelphia, Pennsylvania, USA, 23-27 October 2016 /

Bibliographic Details
Corporate Authors: ACI Committee 132, Responsibility in Concrete Construction (sponsoring body.), American Concrete Institute. Fall Convention (related conference.)
Other Authors: VanOcker, David (Editor), MacDonald, Kevin (Engineer) (Editor)
Format: Book
Language:English
Published: Farmington Hills, MI : American Concrete Institute, [2019]
Series:Publication SP ; 332.
Subjects:

MARC

Tag First Indicator Second Indicator Subfields
LEADER 00000cam a2200000Ii 4500
001 in00004115621
005 20200420143616.0
008 200112s2019 miua b 100 0 eng d
020 |a 9781510893467 
020 |a 1510893466 
035 |a (OCoLC)on1135648182 
040 |a YDX  |b eng  |e rda  |c YDX  |d MYG  |d NHM  |d OCLCF  |d TXA  |d UtOrBLW 
049 |a TXAM 
050 1 4 |a TH1461  |b .R47 2019 
245 0 0 |a Responsibility in repair construction :  |b held at the Concrete Convention and Exposition 2016, Philadelphia, Pennsylvania, USA, 23-27 October 2016 /  |c editors, David VanOcker, Kevin MacDonald. 
264 1 |a Farmington Hills, MI :  |b American Concrete Institute,  |c [2019] 
264 3 |a Red Hook, NY :  |b Printed by Curran Associates, Inc.,  |c 2019. 
264 4 |c ©2016 
300 |a 94 pages :  |b illustrations ;  |c 28 cm 
336 |a text  |b txt  |2 rdacontent 
337 |a unmediated  |b n  |2 rdamedia 
338 |a volume  |b nc  |2 rdacarrier 
490 1 |a ACI SP ;  |v 332 
500 |a "Printed from e-media with permission by: Curran Associates, Inc."--Title page verso. 
504 |a Includes bibliographical references. 
650 0 |a Concrete construction  |v Congresses.  |0 http://id.loc.gov/authorities/subjects/sh2008101454 
650 0 |a Buildings  |x Maintenance and repair  |v Congresses. 
650 0 |a Concrete construction  |x Moral and ethical aspects  |v Congresses. 
650 0 |a Buildings  |x Maintenance and repair  |x Moral and ethical aspects  |v Congresses. 
650 7 |a Buildings  |x Maintenance and repair.  |2 fast  |0 (OCoLC)fst00841098 
650 7 |a Concrete construction.  |2 fast  |0 (OCoLC)fst00874261 
655 7 |a Conference papers and proceedings.  |2 fast  |0 (OCoLC)fst01423772 
700 1 |a VanOcker, David,  |e editor.  |0 http://id.loc.gov/authorities/names/no2020012039 
700 1 |a MacDonald, Kevin  |c (Engineer),  |e editor.  |0 http://id.loc.gov/authorities/names/no2020012338 
710 2 |a ACI Committee 132, Responsibility in Concrete Construction,  |e sponsoring body.  |0 http://id.loc.gov/authorities/names/no2020012482 
710 2 |a American Concrete Institute.  |b Fall Convention  |d (2016 :  |c Philadelphia, Pa.),  |e related conference.  |0 http://id.loc.gov/authorities/names/no2020012348 
710 2 |a American Concrete Institute,  |e publisher.  |0 http://id.loc.gov/authorities/names/n79043412 
830 0 |a Publication SP ;  |v 332.  |0 http://id.loc.gov/authorities/names/n42020268 
948 |a cataloged  |b h  |c 2020/2/10  |d c  |e ceaton  |f 3:28:20 pm 
999 f f |s e483aad8-74c5-37d5-ac7c-7886133b7c6e  |i bfea187e-de61-39a6-80ea-6ae2dacd54b4  |t 0 
952 f f |p normal  |a Texas A&M University  |b College Station  |c Sterling C. Evans Library  |d Evans: Library Stacks  |t 0  |e TH1461 .R47 2019  |h Library of Congress classification  |i unmediated -- volume  |m A14851018193 
998 f f |a TH1461 .R47 2019  |t 0  |l Evans: Library Stacks